20 poemas de amor y una cancion desesperada
Αποθηκεύτηκε σε:
| Κύριος συγγραφέας: | |
|---|---|
| Μορφή: | Βιβλίο |
| Γλώσσα: | Spanish |
| Δημοσίευση: |
Mexico :
Zarco,
1955.
|
| Θέματα: | |
| Ετικέτες: |
Προσθήκη ετικέτας
Δεν υπάρχουν, Καταχωρήστε ετικέτα πρώτοι!
|
MARC
| LEADER | 00000cam a2200000 i 4500 | ||
|---|---|---|---|
| 001 | 1/19466 | ||
| 008 | 120511s1955 mx | || |||| ||spa|| | ||
| 035 | |l 10112442 | ||
| 040 | |a GR-MyUa |b gre |e AACR2 | ||
| 041 | 0 | |a spa | |
| 082 | 7 | |a 861 |2 (22) | |
| 100 | 1 | |a Neruda, Pablo, |d 1904-1973. | |
| 245 | 1 | 0 | |a 20 poemas de amor y una cancion desesperada / |c Pablo Neruda. |
| 260 | |a Mexico : |b Zarco, |c 1955. | ||
| 300 | |a 107 σ. ; |c 17 εκ. | ||
| 650 | 0 | |a Chilean poetry. | |
| 852 | |a INST |b SYROS |e 20120514 |h 861 NER |p 005500010087 |q 005500010087 |t BK |y 0 | ||
| 901 | |a BIBL5-2012-1 | ||
| 970 | |a Τσουκαλά |b Αλίκη |z 11/05/2012 | ||